Equidade e Jurisprudn̊cia Fundamentos Filosf̤icos e Jurd̕icos /

Detalles Bibliográficos
Autor principal: Mota de Souza, Carlos Aurľio
Formato: eBook
Lenguaje:portugués
Publicado: San Pablo: Letras Jurídicas Editora, 2016
Materias:
Acceso en línea:Acceso restringido

MARC

LEADER 00000nam a22000007a 4500
005 20201231212117.0
007 cr|||| ||||
008 201231s2016 br |||||s|||| 00||0 por d
020 |a 978-85-8248-096-0 
035 |a 32489 
040 |a vLex 
090 |c 11039  |d 11039 
100 1 |a Mota de Souza, Carlos Aurľio 
245 1 0 |a Equidade e Jurisprudn̊cia  |h [Recurso electrn̤ico] :  |b Fundamentos Filosf̤icos e Jurd̕icos /  |c Carlos Aurľio Mota de Souza 
256 |a Servicio en ln̕ea 
260 |a San Pablo:  |b Letras Jurídicas Editora,  |c 2016 
300 |a 1 recurso electrn̤ico 
500 |a Apresenta-se a Equidade como conceito jurd̕ico em vr̀ias modalidades de aplicaȯ̂ s̉ normas legais, orientadas ̉melhor decisô judicial. Destina-se a magistrados, promotores de justiȧ, defensores pb︢licos, advogados, professores e aos juristas operadores do Direito que necessitam de instrumentos lg̤icos e supralegais que superem o positivismo jurd̕ico nas controvřsias processuais. 
506 1 |a Disponible solo en los productos indicados  |d vLex Global  |d vLex Global (Academic Edition, excluding Law Schools)  |d vLex Global (U.S. Academic Edition, Law Schools)  |d vLex Global (U.S. Academic Edition, excluding Law Schools)  |d vLex Global (Academic Edition, Law Schools) 
650 0 4 |a Derecho Militar  |z Brasil 
740 0 |a vLex Libros (Servicio en ln̕ea) 
856 4 0 |u http://vlex.com/source/equidade-e-jurisprud-ncia-fundamentos-filosoficos-e-juridicos-32489  |z Acceso restringido 
942 |c BOOK 
999 0 |a Military Law